[Event "ENCI Limburg-open A"]
[Site "Maastricht"]
[Date "2007.05.28"]
[Round "7"]
[White "Spronkmans, Stefan"]
[Black "Saligo, Luc"]
[Result "1/2-1/2"]
[WhiteElo "1965"]
[BlackElo "2135"]
[PlyCount "135"]
[EventDate "2007.05.25"]
[EventType "swiss"]
[EventRounds "7"]
[EventCountry "NED"]
[Source "P.Boonen"]
[SourceDate "2010.01.01"]

1. Nc3 d5 2. e4 dxe4 3. Nxe4 Bf5 4. Ng3 Bg6 5. Nf3 Nd7 6. d4 c6 7. Bd3 e6 8. c3
Ngf6 9. Bg5 Qc7 10. Bxf6 gxf6 11. h4 Bd6 12. Ne2 Bh5 13. Nd2 Rg8 14. g3 f5 15.
Qc2 Nf6 16. Nc4 Bf8 17. O-O-O O-O-O 18. Rde1 Bh6+ 19. Kb1 Nd5 20. Nc1 Kb8 21.
Be2 Bxe2 22. Qxe2 b5 23. Ne5 Nf6 24. Nxc6+ Qxc6 25. Qe5+ Qc7 26. Qxf6 Bg7 27.
Qg5 Bxd4 28. Qd2 Bb6 29. Qc2 f4 30. gxf4 Qxf4 31. Nd3 Qc7 32. Nb4 Qb7 33. Rhg1
Rxg1 34. Rxg1 a5 35. Nd3 Qe4 36. Nc1 Qxh4 37. Rg7 Rd7 38. Rxh7 Qxf2 39. Qe4 Rd5
40. c4 bxc4 41. Rh8+ Ka7 42. Qxc4 Qf5+ 43. Qc2 Be3 44. Qxf5 Rxf5 45. Nd3 Bd4
46. Rh4 e5 47. Kc2 Kb6 48. b4 axb4 49. Nxb4 Kb5 50. Nd3 f6 51. Kb3 Kc6 52. Kc4
Be3 53. Re4 Ba7 54. a4 Kd6 55. a5 Rf3 56. a6 Rf1 57. Re1 Rxe1 58. Nxe1 e4 59.
Nc2 f5 60. Na3 Kc6 61. Nb5 Kb6 62. Nd6 e3 63. Kd3 f4 64. Nc4+ Kxa6 65. Ne5 Kb5
66. Ke2 Bb8 67. Nf3 Kc5 68. Ne1 1/2-1/2

[Event "ENCI Limburg-open A"]
[Site "Maastricht"]
[Date "2007.05.28"]
[Round "7"]
[White "Van Beek, Alexander"]
[Black "Geuss, Paul"]
[Result "0-1"]
[WhiteElo "2373"]
[BlackElo "2138"]
[PlyCount "98"]
[EventDate "2007.05.25"]
[EventType "swiss"]
[EventRounds "7"]
[EventCountry "NED"]
[Source "P.Boonen"]
[SourceDate "2010.01.01"]

1. Nf3 d5 2. d4 Nf6 3. c4 e6 4. Nc3 c6 5. cxd5 exd5 6. Bg5 Be7 7. Qc2 g6 8. e3
Bf5 9. Bd3 Bxd3 10. Qxd3 Nbd7 11. O-O O-O 12. Rab1 a5 13. Qc2 Re8 14. a3 Nb6
15. Nd2 Ne4 16. Bxe7 Qxe7 17. Ncxe4 dxe4 18. b4 axb4 19. axb4 Rac8 20. Rfc1 Nd5
21. b5 Qe6 22. bxc6 Rxc6 23. Qb3 Rb6 24. Qc4 Rxb1 25. Rxb1 Rc8 26. Qb3 b5 27.
h3 b4 28. Ra1 Rc3 29. Qb1 f5 30. Ra7 Qc6 31. Qa2 Rc1+ 32. Nf1 Kh8 33. Ra8+ Kg7
34. Qa7+ Kh6 35. Rg8 Rxf1+ 36. Kh2 Qc7+ 37. Qxc7 Nxc7 38. Rb8 Rb1 39. Rb7 Nd5
40. Rb5 Nc3 41. Rc5 Nd1 42. d5 Kg7 43. d6 Kf7 44. Rc8 Nc3 45. Rc7+ Kf6 46. Rc8
Rd1 47. Rb8 Na2 48. Ra8 b3 49. Ra3 Nc1 0-1

[Event "ENCI Limburg-open A"]
[Site "Maastricht"]
[Date "2007.05.28"]
[Round "7"]
[White "Van Eijk, Sander"]
[Black "Soors, Stef"]
[Result "1/2-1/2"]
[WhiteElo "2259"]
[BlackElo "2061"]
[PlyCount "78"]
[EventDate "2007.05.25"]
[EventType "swiss"]
[EventRounds "7"]
[EventCountry "NED"]
[Source "P.Boonen"]
[SourceDate "2010.01.01"]

1. e4 e6 2. d4 d5 3. Nd2 c5 4. exd5 Qxd5 5. Ngf3 cxd4 6. Bc4 Qd6 7. O-O Nf6 8.
Re1 Nc6 9. Ne4 Nxe4 10. Rxe4 Qc5 11. Bb3 Be7 12. Nxd4 Nxd4 13. Rxd4 O-O 14. Be3
Bf6 15. Rd3 Qc7 16. c3 b6 17. Qg4 e5 18. Qc4 Qxc4 19. Bxc4 Bf5 20. Rd2 Rfd8 21.
Rad1 Rxd2 22. Rxd2 Kf8 23. a4 Rd8 24. Rxd8+ Bxd8 25. a5 Ke7 26. Kf1 Be6 27.
Bxe6 Kxe6 28. c4 bxa5 29. Bxa7 a4 30. Ke2 f5 31. Kd3 Ba5 32. Bc5 g6 33. Kc2 Kd7
34. Kd3 Kc6 35. Be7 Bb6 36. f3 Bd4 37. Kc2 e4 38. fxe4 fxe4 39. b3 axb3+
1/2-1/2

[Event "ENCI Limburg-open A"]
[Site "Maastricht"]
[Date "2007.05.28"]
[Round "7"]
[White "Van Weersel, Arlette"]
[Black "Geboers, Jimmy"]
[Result "1-0"]
[WhiteElo "2156"]
[BlackElo "1959"]
[PlyCount "71"]
[EventDate "2007.05.25"]
[EventType "swiss"]
[EventRounds "7"]
[EventCountry "NED"]
[Source "P.Boonen"]
[SourceDate "2010.01.01"]

1. e4 e6 2. d3 d5 3. Nd2 Nf6 4. Ngf3 c5 5. g3 Nc6 6. Bg2 Be7 7. O-O O-O 8. Re1
b6 9. c3 Ba6 10. e5 Nd7 11. Nf1 Qc7 12. Bf4 b5 13. a3 Bb7 14. d4 cxd4 15. cxd4
Rfc8 16. h4 b4 17. Ng5 Bxg5 18. Bxg5 Qb6 19. Be3 bxa3 20. bxa3 Ba6 21. Qg4 Kh8
22. Bxd5 f5 23. exf6 Nxf6 24. Qxe6 Nxd5 25. Qxd5 Bb7 26. Qg2 Nb4 27. d5 Bxd5
28. Bxb6 Bxg2 29. axb4 Bxf1 30. Rxa7 Bc4 31. Ree7 Bd5 32. Bd4 Rf8 33. Red7 Bf3
34. Re7 Rfc8 35. g4 Bxg4 36. Rxg7 1-0

[Event "ENCI Limburg-open A"]
[Site "Maastricht"]
[Date "2007.05.28"]
[Round "7"]
[White "Van der Berg, Bram"]
[Black "Reyniers, Pieter"]
[Result "1-0"]
[WhiteElo "2196"]
[BlackElo "2016"]
[PlyCount "45"]
[EventDate "2007.05.25"]
[EventType "swiss"]
[EventRounds "7"]
[EventCountry "NED"]
[Source "P.Boonen"]
[SourceDate "2010.01.01"]

1. e4 c5 2. c3 Nf6 3. e5 Nd5 4. d4 cxd4 5. Nf3 e6 6. cxd4 b6 7. Nc3 Bb7 8. Bd3
d6 9. O-O dxe5 10. Nxe5 Nc6 11. Qf3 Nxe5 12. dxe5 Bb4 13. Bb5+ Kf8 14. Ne4 h6
15. Bd3 Rc8 16. Rd1 Kg8 17. Qg3 g6 18. h4 Kg7 19. h5 Qe8 20. Nf6 Nxf6 21. exf6+
Kh7 22. hxg6+ fxg6 23. Bxg6+ 1-0

[Event "ENCI Limburg-open A"]
[Site "Maastricht"]
[Date "2007.05.28"]
[Round "7"]
[White "Van der Zwet, Bart"]
[Black "Coenen, Bert"]
[Result "0-1"]
[WhiteElo "2000"]
[BlackElo "1879"]
[PlyCount "61"]
[EventDate "2007.05.25"]
[EventType "swiss"]
[EventRounds "7"]
[EventCountry "NED"]
[Source "P.Boonen"]
[SourceDate "2010.01.01"]

1. e4 e6 2. d3 c5 3. f4 d5 4. Nc3 Nf6 5. e5 Nfd7 6. Nf3 Nc6 7. Ne2 f6 8. d4 Qb6
9. c3 cxd4 10. Nexd4 Nxd4 11. cxd4 Be7 12. Bd3 O-O 13. O-O fxe5 14. fxe5 Nxe5
15. Bxh7+ Kxh7 16. Nxe5 Rxf1+ 17. Kxf1 Qb5+ 18. Kg1 Qe8 19. Bf4 Bd7 20. Qc2+
Kg8 21. Rf1 Rc8 22. Qb1 Bf6 23. Rf3 Ba4 24. b3 Bb5 25. Rh3 Be2 26. Qh7+ Kf8 27.
Kf2 Bd1 28. Qd3 Bh5 29. g4 Bxe5 30. Bxe5 Qg6 31. Qxg6 0-1

[Event "ENCI Limburg-open A"]
[Site "Maastricht"]
[Date "2007.05.28"]
[Round "7"]
[White "Winkelmann, Elena"]
[Black "Schilperoort, Jeroen"]
[Result "1-0"]
[WhiteElo "2114"]
[BlackElo "1946"]
[PlyCount "65"]
[EventDate "2007.05.25"]
[EventType "swiss"]
[EventRounds "7"]
[EventCountry "NED"]
[Source "P.Boonen"]
[SourceDate "2010.01.01"]

1. d4 Nf6 2. c4 Nc6 3. Nc3 e5 4. d5 Ne7 5. e4 Ng6 6. Be3 Bb4 7. f3 Bxc3+ 8.
bxc3 d6 9. c5 O-O 10. Bd3 Nd7 11. cxd6 cxd6 12. Ne2 Nh4 13. O-O f5 14. exf5
Nxf5 15. Bxf5 Rxf5 16. Ng3 Rf6 17. Ne4 Rg6 18. f4 Qh4 19. Qf3 Nf6 20. fxe5 dxe5
21. Nxf6+ gxf6 22. d6 Bh3 23. Rf2 Kh8 24. Kh1 Be6 25. Qxb7 Rag8 26. Rd1 Qa4 27.
Rdd2 Bd7 28. Qxa7 Qe4 29. Rfe2 Rxg2 30. Rxg2 Bh3 31. Bg5 Qe1+ 32. Qg1 Bxg2+ 33.
Rxg2 1-0

[Event "ENCI Limburg-open A"]
[Site "Maastricht"]
[Date "2007.05.28"]
[Round "7"]
[White "Wislez, Franscis"]
[Black "Simenon, Jozef"]
[Result "0-1"]
[WhiteElo "2083"]
[BlackElo "2173"]
[PlyCount "62"]
[EventDate "2007.05.25"]
[EventType "swiss"]
[EventRounds "7"]
[EventCountry "NED"]
[Source "P.Boonen"]
[SourceDate "2010.01.01"]

1. e4 c5 2. Nc3 e6 3. f4 d5 4. e5 Nc6 5. Nf3 Nge7 6. Bb5 Nf5 7. O-O Bd7 8. Bxc6
Bxc6 9. Qe1 h5 10. Ne2 h4 11. c3 d4 12. cxd4 cxd4 13. d3 Bc5 14. b4 Bb6 15. a4
a6 16. Qd1 Qd5 17. h3 f6 18. Bd2 Kf7 19. Kh2 Rag8 20. Qc2 Rc8 21. Qa2 Qd7 22.
Qb3 Bc7 23. Qa2 Rh6 24. Qb3 Rg6 25. Rf2 Bd5 26. Qb2 Bxf3 27. Rxf3 fxe5 28. fxe5
Bxe5+ 29. Kg1 Qc6 30. Kh1 Qc2 31. Ra2 Qd1+ 0-1

[Event "ENCI Limburg-open A"]
[Site "Maastricht"]
[Date "2007.05.28"]
[Round "7"]
[White "Wlogalski, Olivier"]
[Black "Pastoor, Ernst Jan"]
[Result "0-1"]
[WhiteElo "2016"]
[BlackElo "1825"]
[PlyCount "58"]
[EventDate "2007.05.25"]
[EventType "swiss"]
[EventRounds "7"]
[EventCountry "NED"]
[Source "P.Boonen"]
[SourceDate "2010.01.01"]

1. b3 d6 2. Bb2 Nd7 3. g3 Ngf6 4. Bg2 g6 5. Nf3 Bg7 6. d4 O-O 7. Qd2 c5 8. c4
Rb8 9. Nc3 a6 10. O-O b6 11. Rfd1 Qc7 12. Rac1 Bb7 13. d5 Bc8 14. Qd3 Ng4 15.
Qb1 b5 16. cxb5 axb5 17. Ne4 Ngf6 18. Qd3 Nxe4 19. Bxg7 Nxf2 20. Kxf2 Kxg7 21.
Kf1 Qa5 22. Qc2 Nf6 23. Qb2 Kg8 24. Nd2 Ng4 25. Rc3 Nxh2+ 26. Kg1 Ng4 27. Nf3
Ra8 28. Ra1 Nf6 29. Qd2 Ne4 0-1

[Event "ENCI Limburg-open A"]
[Site "Maastricht"]
[Date "2007.05.28"]
[Round "7"]
[White "Zachariassen, Bjarne"]
[Black "Kamps, Jacques"]
[Result "1/2-1/2"]
[WhiteElo "1946"]
[BlackElo "2102"]
[PlyCount "81"]
[EventDate "2007.05.25"]
[EventType "swiss"]
[EventRounds "7"]
[EventCountry "NED"]
[Source "P.Boonen"]
[SourceDate "2010.01.01"]

1. e4 c6 2. d4 d5 3. exd5 cxd5 4. c4 Nf6 5. Nf3 e6 6. Nc3 Bb4 7. Bd3 dxc4 8.
Bxc4 O-O 9. O-O b6 10. Qe2 Bb7 11. Bg5 Bxc3 12. bxc3 Nbd7 13. Rac1 Qc7 14. Bd3
Rac8 15. Bb1 Ng4 16. Ne5 Ndxe5 17. dxe5 Nxe5 18. f4 Ng6 19. Rcd1 Qxc3 20. Kh1
Bd5 21. Qh5 f5 22. Rf2 Rc5 23. Rfd2 Rfc8 24. Rd3 Qb2 25. R3d2 Qb4 26. h3 Rc1
27. Qe2 Rxd1+ 28. Rxd1 Qc4 29. Bd3 Qxa2 30. Rd2 Qa4 31. Bxf5 exf5 32. Rxd5 Qe4
33. Qa2 Kh8 34. Rd7 Qe8 35. Qxa7 Qf8 36. Rf7 Qg8 37. Rxf5 h6 38. Qxb6 Kh7 39.
Qb1 Qc4 40. Kh2 hxg5 41. fxg5 1/2-1/2

[Event "ENCI Limburg-open A"]
[Site "Maastricht"]
[Date "2007.05.28"]
[Round "7"]
[White "Zilverberg, Jasper"]
[Black "Schut, Lisa"]
[Result "1-0"]
[WhiteElo "2013"]
[BlackElo "1918"]
[PlyCount "87"]
[EventDate "2007.05.25"]
[EventType "swiss"]
[EventRounds "7"]
[EventCountry "NED"]
[Source "P.Boonen"]
[SourceDate "2010.01.01"]

1. c4 c5 2. g3 Nf6 3. Bg2 d5 4. Nf3 Nc6 5. O-O e5 6. cxd5 Nxd5 7. Nc3 Be6 8. d3
Be7 9. Nxd5 Bxd5 10. b3 O-O 11. Bb2 f6 12. Nd2 Bxg2 13. Kxg2 Qd5+ 14. Nf3 f5
15. e4 fxe4 16. dxe4 Qxe4 17. Re1 Qf5 18. Bxe5 Nxe5 19. Rxe5 Qf7 20. Qe2 Bf6
21. Rf5 Qd7 22. Qc4+ Kh8 23. Qf4 Qxf5 24. Qxf5 Bxa1 25. Qxc5 b6 26. Qc6 Rac8
27. Qb7 Rc3 28. Nd4 Rd3 29. Ne6 Re8 30. Qf7 Rc8 31. Ng5 Rcd8 32. Qe6 h6 33.
Nf7+ Kh7 34. Nxd8 Rxd8 35. Qe4+ Kh8 36. Qe7 Rd2 37. Qxa7 Bd4 38. Qb8+ Kh7 39.
Qf4 Rxf2+ 40. Qxf2 Bxf2 41. Kxf2 Kg6 42. Ke3 Kf5 43. h3 Ke5 44. a4 1-0